00929cam a2200229Ma 450000500170000000800410001702000150005802000180007304000500009104100080014124501330014926000660028230000180034850400530036661000320041961000300045165000380048165000500051965000190056965000830058870000280067120140903175116.01406 s2011 xxu fr 001 0 eng d a1585428868 a9781585428861 aCO-BoUCMbspacJose A. GerenadJose A. Gerena0 aeng04aThe digital divideceditor Mark Bauerleinbarguments for and against Facebook, Google, texting, and the age of social networking aNueva York (Estados Unidos)bJeremy P. TarcherbPenguinc2011 a354 páginas aIncluye referencias bibliográficas e índices2 aFacebookxAspectos sociales2 aGooglexAspectos sociales 7aBrecha digitalxAspectos sociales 7aInnovación tecnológicaxAspectos sociales 7aRedes sociales 7aTecnologías de la información y la comunicación. TICsxAspectos sociales1 aBauerlein, Markeeditor